01298 a2200169 4500003000500000005001700005040000900022082001200031100002700043245006500070260002800135300001100163505079300174942002100967999001900988952012101007NUST20230131135807.0 cNust a941,MAU aMaurois, Andre 950168 aDisraeli :bA Picture of the Victorian Age /cAndre Maurois  aLondonbJohn lanec1944 a334 .; aPART-1: Two Generations (Page-1), Schools (Page-7) Brummell and Saint Ignatius (Page-16), Business (Page-24), Retreat (Page-37), Pilgrimage (Page-44), Doctrines (Page-51), The Conquest of London (Page-60), Independent (Page-70), Women (Page-78), The Badge of a Party (Page-85), M. P. (Page-92), PART-2: The Maiden Speech (Page-105), Weddings (Page-117), Mary Anne (Page-128), The Right Honourable Baronet (Page-135), Young England (Page-147), The Oak and the Reed (Page-156), Obstacles (Page-185), Mr. Gladstone’s Cruel Duty (Page-194), The Top of the Greasy Pole (Page-212), The Queen (Page-223), Mourning (Page-233), A Cloud of Grandmothers (Page-245), The Chief (Page-251), The Chief (Page-251), Action (Page-260), The Outer World (Page-307), his Favorite Flower (Page-317).  2ddccBKk941,MAU c193988d193988 00102ddc4070aMCSbMCScGENd2016-12-12o941,MAUpMCS29231r2016-12-08w2016-12-12yBKzAlmirah No.60, Shelf No.4